Život a dielo architekta Josefa Mareka (1889-1966)
Salvato in:
| Autore principale: | |
|---|---|
| Altri autori: | |
| Natura: | Manoscritto Libro |
| Lingua: | slovacco |
| Pubblicazione: |
Bratislava
2017
|
| Soggetti: | |
| Accesso online: | http://is.stuba.sk/zp/portal_zp.pl?podrobnosti=132498 |
| Tags: |
Nessun Tag, puoi essere il primo ad aggiungerne!!
|
MARC
| LEADER | 00000ntm a22000003a 4500 | ||
|---|---|---|---|
| 001 | stuzp58066 | ||
| 003 | SK-STU | ||
| 005 | 20230317104742.2 | ||
| 007 | ta | ||
| 008 | 150427s2015----xo-----f-mn---000-0-slo-d | ||
| 040 | |a STU |b slo | ||
| 041 | 0 | |a slo | |
| 044 | |a xo | ||
| 100 | 1 | |a Haberlandová, Katarína |d 1973- |9 100 |u 053130 |4 aut |U FAD Fakulta architektúry |T FA Ústav dejín a teórie architektúry a obnovy pamiatok |X 65226 |U A3130 |Y 394 |7 65226 | |
| 242 | 0 | 1 | |a Life and work of architect Josef Marek (1889-1966) |y eng |
| 245 | 1 | 0 | |a Život a dielo architekta Josefa Mareka (1889-1966) |
| 260 | |c 2017 |a Bratislava | ||
| 300 | |a 188 s. | ||
| 650 | 4 | |a Medzivojnová architektúra |2 slo | |
| 650 | 4 | |a Českí architekti na Slovensku |2 slo | |
| 650 | 4 | |a Architektonická moderna |2 slo | |
| 650 | 4 | |a Inter-war architecture |2 eng | |
| 650 | 4 | |a Czech architects in Slovakia |2 eng | |
| 650 | 4 | |a Architectural modernism |2 eng | |
| 700 | 1 | |a Dulla, Matúš, |d 1950- |u 053130 |r Z8 |4 ths |U FAD Fakulta architektúry |T FA Ústav dejín a teórie architektúry a obnovy pamiatok |X 398 |U A3130 |Y 394 |7 A000000398 | |
| 856 | 4 | |u http://is.stuba.sk/zp/portal_zp.pl?podrobnosti=132498 |u https://opac.crzp.sk/?fn=detailBiblioForm&sid=DAA396BB6B0B011345480876997D | |
| 996 | |b 284AU07017 |c A* 10240/V |l AAKNST |s P |a 0 |w stuzp58066_0001 | ||